|
|
|
|
| LEADER |
00681nab a2200181 i 4500 |
| 001 |
misc883 |
| 005 |
20191106143932.0 |
| 008 |
170607s1906 hu o 0|| lat d |
| 040 |
|
|
|a SZTE Miscellanea Repozitórium
|b hun
|
| 041 |
|
|
|a lat
|
| 041 |
|
|
|a hun
|
| 100 |
1 |
|
|a Iványi Béla
|
| 245 |
1 |
2 |
|a A tiszaluczi vám bevételei és azok felhasználása 1516-1520-ig
|h [elektronikus dokumentum] :
|b (bevezetésül a tiszaluczi rév- és vámjog története) /
|c Iványi Béla
|
| 260 |
|
|
|c 1906
|
| 300 |
|
|
|a 1-54
|
| 490 |
0 |
|
|a Magyar gazdaságtörténelmi szemle
|v 13
|
| 695 |
|
|
|a Gazdaságtörténet
|
| 856 |
4 |
0 |
|u http://misc.bibl.u-szeged.hu/883/1/gazd_tort_szeml_1906_001-054.pdf
|z Dokumentum-elérés
|